01354nam a2200301 i 4500003000900000005001700009007000300026008004100029040003000070041000800100082001900108110006400127245029800191264008200489300002900571336002700600337003400627338002800661590002700689700006300716700004400779700002600823700002700849910000700876942001400883952013800897999001701035DO-SdBNP20250627132924.0ta250627b2000 dr ||||| |||| 00| 0 spa d aDO-SdBNPbspacBNPHUerda aspa 4axxxbR426c2221 aRepública Dominicana.bSuperintendencia de Valores91484310aCompendio de estudio :bpreparatorio para el examen de corredores impartido por la Superintendencia de Valores de la República Dominicana /cSuperintendencia de Valores ; introducción, Gabriel Castro ; director, Fernando Barrero ; contenido, Luis A. Veras ; apoyo técnico, Roberto Arias. aSanto Domingo, República Dominicana :bSuperintendencia de Valores, c200?. a325 páginas ;c28 cm.  atextobtxt2rdacontent asin mediación bn2rdamedia avolumenbnc2rdacarrier aInventariado, 2025 /LP1 aCastro, Gabriel eautor de introducción 4introd.9882081 aBarrero, Fernando,edirector4di9882091 aVeras, Luis A.9882101 aArias, Roberto 975979 aLP 2ddccLBS1 00102ddc51708PDaBNPHUbBNPHUcCTd2020-01-15eDonado por Doris Núñez l0oxxx R426cp2025-5829r2025-06-27w2025-06-27yLBS1 c59391d59391